000 00524pab a2200181 454500
008 180718b2004 xxu||||| |||| 00| 0 eng d
100 _aSarkar, A.N.
245 _aProtection of intellectual property rights for meeting WTO-compatibility in agriculture and industrial products
260 _c2004
300 _ap.69-79.
362 _aJul-Dec
650 _aIndustrial production
650 _aAgriculture
650 _aWorld Trade Organization
650 _aIntellectual property
773 _aVision
909 _a64484
999 _c64484
_d64484